IFM Opac

Social and labour practices of some European - based multinationals in the metal trades (Record no. 6818)

MARC details
000 -LEADER
fixed length control field 00408nam a2200133Ia 4500
008 - FIXED-LENGTH DATA ELEMENTS--GENERAL INFORMATION
fixed length control field 150509s9999 xx 000 0 und d
082 ## - DEWEY DECIMAL CLASSIFICATION NUMBER
Classification number OS 338 .88 SOC
245 ## - TITLE STATEMENT
Title Social and labour practices of some European - based multinationals in the metal trades
260 ## - PUBLICATION, DISTRIBUTION, ETC.
Place of publication, distribution, etc. Geneva:
260 ## - PUBLICATION, DISTRIBUTION, ETC.
Name of publisher, distributor, etc. ILO
260 ## - PUBLICATION, DISTRIBUTION, ETC.
Date of publication, distribution, etc. 1976
300 ## - PHYSICAL DESCRIPTION
Extent vi, 143p.; ill 30cm
650 ## - SUBJECT ADDED ENTRY--TOPICAL TERM
Topical term or geographic name entry element labor economicsInternational business enterprises
Holdings
Withdrawn status Lost status Source of classification or shelving scheme Damaged status Not for loan Home library Current library Shelving location Date acquired Total Checkouts Full call number Barcode Date last seen Price effective from Koha item type
    Dewey Decimal Classification     IFM Main Campus Library IFM Main Campus Library Archival Collection 05/15/1978   OS 338 .88 SOC 0000014998 05/15/2015 05/15/1978 Reference